| 000 | 00547nam a22001817a 4500 | ||
|---|---|---|---|
| 007 | 00 | ||
| 008 | 170227b xxu||||| |||| 00| 0 eng d | ||
| 020 | _a2-84291-609-3 | ||
| 040 |
_aBUAC _cBUC |
||
| 041 | _aFre. | ||
| 100 | _aMESPLEDE , Jacques | ||
| 245 |
_aProblèmes de Chimie avec solutions et annexes. Capes externe 1994 - 2000 , agrégation de physique 1994 - 2000. _c/ par Jacques Mesplède |
||
| 260 |
_aRosny : _bBréal , _c2000. |
||
| 300 |
_a384 p. _c24 cm. |
||
| 630 | _aSCIENCES PURES | ||
| 650 | _aCHIMIE | ||
| 942 | _cLBA | ||
| 999 |
_c56000 _d56000 |
||